000 00435nam a2200169Ia 4500
003 GCL
008 140319s9999 xx 000 0 eng d
040 _aGCL /
_cGCL
082 0 4 _a620.11
_bS S
100 1 _aSAWAOKA, A.B.
245 1 0 _aSHOCK WAVES IN MATERIALS SCIENCE /
_cSAWAOKA, A.B.
260 _a[S.N] :
_bSPRINGER - VERLAG ،
_c1993
300 _a227 P?P
650 0 4 _aWAVES
650 0 4 _aMOTERIALS SCIENCE
942 _2ddc
_cBK
999 _c16911
_d16911